000 00799nam a2200253 a 4500
999 _c1063
_d1063
001 9994
003 BD-DhUAP
005 20200202140452.0
008 200202r20041994ii a b 000 0 eng d
040 _aDLC
_cBD-DhUAP
_dBD-DhUAP
_bEng
082 0 0 _a340 TAN
_223
100 1 _aTandon, Mahesh Prasad.
245 1 4 _aJurisprudence :
_b(Legal Theory) /
_cMahesh Prasad Tandon and Rajesh Tandon.
250 _a16th ed.
260 _aFaridabad-Haryana :
_bAllahabad Law Agency,
_cc1994 [Reprinted 2004].
300 _axvi, 480 pages :
_billustrations ;
_c24 cm.
504 _aIncludes bibliography and index.
650 0 _aJurisprudence
650 0 _aLaw
_vPhilosophy.
650 0 _aCivil law
_zIndia.
700 _aTandon, Rajesh.
942 _2ddc
_cBK